| 000 | 00665nam a2200241 i 4500 | ||
|---|---|---|---|
| 001 | bg | ||
| 100 | 1 |
_aIwaszkiewicz, Jarosław _d(1894-1980). |
|
| 245 | 1 | 0 |
_aOpowiadania / _cJarosław Iwaszkiewicz. |
| 260 |
_aKraków : _b"Mediasat Poland", _c[2004]. |
||
| 300 |
_a247, [2] s. ; _c22 cm. |
||
| 490 | 1 |
_aKolekcja Gazety Wyborczej : XX wiek ; _v21 |
|
| 650 | 9 |
_aOpowiadania polskie _y20 w. |
|
| 830 | 0 |
_aKolekcja Gazety Wyborczej ; _v21 |
|
| 020 | _a838965170X | ||
| 020 | _a8497897188 | ||
| 040 | _cBPK | ||
| 041 | 0 | _apol | |
| 044 | _aPOL | ||
| 080 | _a821.162.1-3 | ||
| 920 | _a83-89651-70-X | ||
| 942 | _cKS | ||
| 008 | s pl f |000 0 pol | ||
| 999 |
_c55658 _d55658 |
||
| 856 |
_uhttp://koha.tu.koszalin.pl/cgi-bin/koha/opac-detail.pl?biblionumber=55658 _yKatalog online BPK |
||